KOHA-Header-6

Economics (Principles, Problems and Policies) (Record no. 596)

000 -LEADER
fixed length control field 00358nam a2200121Ia 4500
008 - FIXED-LENGTH DATA ELEMENTS--GENERAL INFORMATION
fixed length control field 190722s9999 xx 000 0 und d
020 ## - INTERNATIONAL STANDARD BOOK NUMBER
International Standard Book Number 978-1-25-909838-3
100 ## - MAIN ENTRY--PERSONAL NAME
Personal name McConnell, Brue, Flynn, Grant
245 #0 - TITLE STATEMENT
Title Economics (Principles, Problems and Policies)
260 ## - PUBLICATION, DISTRIBUTION, ETC. (IMPRINT)
Place of publication, distribution, etc New Delhi
Name of publisher, distributor, etc McGraw Hill Education (India) Pvt. Ltd.
Date of publication, distribution, etc 2015
300 ## - PHYSICAL DESCRIPTION
Extent 855
942 ## - ADDED ENTRY ELEMENTS (KOHA)
Koha item type Books
Holdings
Withdrawn status Lost status Damaged status Not for loan Permanent Location Current Location Date acquired Total Checkouts Full call number Barcode Checked out Date last seen Date checked out Price effective from Koha item type
        MAJU MAJU 2019-07-22 1 330 7222 2019-09-07 2019-08-31 2019-08-31 2019-07-22 Books

Powered by Koha